| 000 | 00525pab a2200169 454500 | ||
|---|---|---|---|
| 008 | 180718b2006 xxu||||| |||| 00| 0 eng d | ||
| 100 | _aGraham, Carol | ||
| 245 | _aFrustrated achievers: winners, losers, and subjective well-being in Peru's emerging economy | ||
| 260 | _c2006 | ||
| 300 | _ap.128-53. | ||
| 362 | _aJul | ||
| 650 | _aEconomic behaviour - Peru | ||
| 650 | _aEconomic behaviour | ||
| 700 | _aPettinato, Stefano | ||
| 773 | _aAnnals of the American Academy of Political and Social Science | ||
| 909 | _a70589 | ||
| 999 |
_c70589 _d70589 |
||